000 00753nam a2200241Ia 4500
003 GCL
008 140319s9999 xx 000 0 ara d
020 _a0229281977
040 _aGCL /
_cGCL
082 0 4 _a616.994
_bك س
100 1 _aكوبر , جيفري
245 1 0 _aالسرطان /
_cكوبر , جيفري
700 1 _aرفعت شلبى
250 _aالاولى
260 _aالقاهرة :
_bالمكتبة الاكاديمية ،
_c2004
300 _a197 ص ؛
_c25 سم
650 0 4 _aالاورام
650 0 4 _aالسرطان - العلاج بالاشعة
650 0 4 _aالسرطان - العلاج الكيميائى
650 0 4 _aالسرطان - خلايا
650 0 4 _aالسرطان - جراحة
942 _2ddc
_cBK
999 _c5967
_d5967